Logo BPK

Biblioteka

Politechniki Koszalińskiej

Macromedia Flash MX 2004 actionscript : (Rekord nr 45506)

Szczegóły MARC
000 -ETYKIETA REKORDU
podpole kontrolne o stałej długości 01030nam a2200289 i 4500
001 - NUMER KONTROLNY REKORDU
pole kontrolne bg
020 ## - MIĘDZYNARODOWY ZNORMALIZOWANY NUMER KSIĄŻKI - ISBN
ISBN 8373615334
040 ## - ŹRÓDŁO KATALOGOWANIA
Instytucja, która utworzyła rekord BPK
041 1# - KOD JĘZYKA
Kod języka tekstu pol
Kod języka oryginału eng
080 ## - UNIWERSALNA KLASYFIKACJA DZIESIĘTNA - UKD
UKD 004.42:004.738.52:004.92](07)
920 ## - Międzynarodowy znormalizowany numer książki – ISBN
ISBN 83-7361-533-4
008 - POLE O STAŁEJ DŁUGOŚCI - DANE KONTROLNE
podpole kontrolne o stałej długości s pl f |000 0 pol
100 1# - NAZWA OSOBOWA
Nazwa osobowa FRANKLIN, Derek.
245 00 - TYTUŁ/ODPOWIEDZIALNOŚĆ
Tytuł Macromedia Flash MX 2004 actionscript :
Ciąg dalszy tytułu oficjalny podręcznik /
Pozostałe elementy strefy tytułu i oznaczenia odpowiedzialności Derek Franklin, Jobe Makar ; [tł. Piotr Cieślak, Marcin Samodulski].
246 ## - WARIANT TYTUŁU
Treść wyrażenia wprowadzającego Tyt. oryg.:
Tytuł Macromedia Flash MX 2004 ActionScript : training from the source
260 ## - STREFA ADRESU WYDAWNICZEGO
Miejsce wydania Gliwice :
Nazwa wydawcy/dystrybutora "Helion",
Data publikacji, dystrybucji/powstania dokumentu 2004.
300 ## - STREFA OPISU FIZYCZNEGO
Objętość 724 s. :
Inne cechy fizyczne il. ;
Rozmiary 24 cm +
Dokument towarzyszący CD ROM.
500 ## - UWAGI OGÓLNE
Tekst uwagi Tyt. oryg.: "Macromedia Flash MX 2004 ActionScript : training from the source".
504 ## - UWAGA DOTYCZĄCA BIBLIOGRAFII
Informacje o bibliografii Indeks.
650 #9 - HASŁO PRZEDMIOTOWE W FORMIE NAZWY OGÓLNEJ LUB JEDNOSTKOWEJ
Nazwa ogólna lub geograficzna Flash MX
655 ## - TERMIN INDEKSOWY - OKREŚLENIE RODZAJU/FORMY DOKUMENTU
Określenie rodzaju/formy dokumentu Podręczniki
700 1# - HASŁO DODATKOWE - NAZWA OSOBOWA
Nazwa osobowa MAKAR, Jobe
700 1# - HASŁO DODATKOWE - NAZWA OSOBOWA
Nazwa osobowa CIEŚLAK, Piotr.
Określenie związku między hasłem a opisywanym materiałem Tł.
700 1# - HASŁO DODATKOWE - NAZWA OSOBOWA
Nazwa osobowa SAMODULSKI, Marcin.
Określenie związku między hasłem a opisywanym materiałem Tł.
856 ## - LOKALIZACJA I DOSTĘP DO ELEKTRONICZNYCH DOKUMENTÓW ZDALNYCH
Link (URL) http://koha.tu.koszalin.pl/cgi-bin/koha/opac-detail.pl?biblionumber=45506
Tekst linku Katalog online BPK
942 ## - DODATKOWE ELEMENTY (KOHA)
Typ dokumentu Książka
Egzemplarze
Wycofany Status egzemplarza Uszkodzony Dostępność Lokalizacja stała Lokalizacja bieżąca Miejsce przechowywania Sygnatura Kod kreskowy Typ dokumentu
      Dostępny Biblioteka Politechniki Koszalińskiej Biblioteka Politechniki Koszalińskiej Wypożyczalnia BG 74355 02247878 Książka
      Dostępny Biblioteka Politechniki Koszalińskiej Biblioteka Politechniki Koszalińskiej Wypożyczalnia BG 74356 02247861 Książka
© 2023 Biblioteka Politechniki Koszalińskiej :: KOHA